Memes - Statistics

General Stats
  • This quiz has been taken 277 times
  • The average score is 5 of 11
Answer Stats
Hint Answer % Correct
9+10=?? 21
91%
AND HIS NAME IS ____ ____ John Cena
86%
Sad Frog Pepe
70%
You're not my ___ dad
59%
Frog on Unicycle DAT BOI
58%
( ͡° ͜ʖ ͡°) lenny
44%
But that's none of my buisness Kermit
28%
What kind of shark is the best shark (Half Time Show)? Left Shark
16%
what dat song??? Darude Sandstorm
15%
_____gar Spongegar
12%
Popular write in for president 2016 Harambe
10%
No matching quizzes found
Score Distribution
Percent of People with Each Score
Percentile by Number Answered
Your Score History
You have not taken this quiz